| 000 | 00356nam a2200145 4500 | ||
|---|---|---|---|
| 005 | 20260415182510.0 | ||
| 008 | 260415b |||||||| |||| 00| 0 eng d | ||
| 020 |
_a9780743261852 _qhbk |
||
| 041 | _aeng | ||
| 082 | _a641.813 WIL | ||
| 245 | _aSoup & Stew | ||
| 260 |
_aNew York _bSimon &Schuster _c2004 |
||
| 300 | _a119 p.: ill.: 23 c.m. | ||
| 942 | _cREF | ||
| 999 |
_c619330 _d619330 |
||